Fyzika /

Na minha lista:
Detalhes bibliográficos
Autor principal: Kuchling, Horst (Author)
Formato: Livro
Idioma:eslovaco
Publicado em: Bratislava: Alfa, 1980
Edição:2. upravené vydanie
Colecção:Edícia teoretickej literatúry
Tags: Adicionar Tag
Sem tags, seja o primeiro a adicionar uma tag!

MARC

LEADER 00000nam a22000003a 4500
001 0083252
003 SK-STU
005 20200911115040.7
007 ta
008 200911s ----xo-----e------000-0-----d
040 |a STU  |b slo 
041 0 |a slo  |h slo 
044 |a xo 
100 1 |a Kuchling, Horst  |4 aut 
245 1 0 |a Fyzika /  |c aut. Horst Kuchling 
250 |a 2. upravené vydanie 
260 |a Bratislava:  |b Alfa,  |c 1980 
300 |a 407 s. 
490 0 |a Edícia teoretickej literatúry 
996 |b 284V041506  |c V* 53075/O-24235  |l VVT  |s A  |a 24  |w 0083252_0001